000 01436nam a22002657a 4500
005 20110704140112.0
020 _a9788182639621
_c15.00
035 _aB-432304-308
037 _aDPL
_bBlue Berry
082 _aS
100 _aNoni
_929790
245 _aListen to my body /
_c by Noni; illustrated by Angoe & Upesh
250 _a2nd
260 _aNew Delhi
_bPratham Books
_c2010
270 _a633-634, 4th "C" Main, 6th 'B' Cross, OMBR Layout, Banaswadi
_bBangalore
_e560043
_k011-65684113
300 _a20p.
_bill.
_c17 cm.(pbk)
700 _929160
942 _2ddc
_cCH
_hS
_mNON
999 _c53591
_d53591